000
00268nam a2200109Ia 4500
008
200302s9999 xx 000 0 und d
100
_a
Alexander Stepanov
245
_a
Lucas Cranach the Elder 1472-1553
260
_b
Parkstone Press
260
_c
1997
300
_a
174 P.,
999
_c
1720
_d
1720